00622nam a2200193 i 450000100060000000300090000600500170001500700030003200800410003502000180007610000280009424501350012226000330025730000290029050000180031970000220033770000360035985200330039543918ES-MaACL20230906160917.0t|030320s1986 sp ||||1| spa d a84-86093-39-21 aCicerón, Marco Tulio.13aDe signis b: antología / cCicerón ; introducción, selección y comentario de Carmen Cantueso y Pedro J. del Real Francia. aMadrid : bColoquio, c1986. a87 p. : bil. ; c21 cm. aTexto latino.1 aCantueso, Carmen.1 aReal Francia, Pedro José del. aES-MaACLjL-11978 bR.112715